Responses for show #7753 - Wednesday, May 2, 2018

Josh Hill game 1.

Contestants

Laura Buermann, a quality assurance analyst from Essex Junction, Vermont

Josh Hill, a network engineer from North Little Rock, Arkansas

Geoff Brousseau, an epidemiologist from Centennial, Colorado (whose 1-day cash winnings total $7,599)

Jeopardy! Round responses

I REMEMBER APRIL
SURPRISING MUSICIANS
MIDDLE T
NEWER TECHNOLOGY
YOUR HUDDLED MASSES
YEARNING TO BREATHE FREE
    $200 5
Grace Kelly

Josh
    $200 1
Albert Einstein

Josh
    $200 2
(Laura: Oh... sorry.)

a sty

GeoffLaura
    $200 6
a flash

Laura
    $200 9
the Ivy League

Geoff
    $200 12
asthma

Josh
    $400 7
the Bay of Pigs

Geoff
    $400 3
(Neil) Armstrong

Geoff
    $400 14
ratio

Josh
    $400 13
Bitcoin

Josh
    $400 23
(Michael) Strahan

Laura
    $400 29
tuberculosis

Geoff
    $600 8
Arbor Day

Josh
    $600 4
a lute

Laura
    $600 21
spatula

Laura
    $600 27
a sound bar

Josh
    $600 15
Roethlisberger

Josh
    $600 17
emphysema

Geoff
    $800 20
Guernica

Josh
    $1,200 10
(Louis) Braille

Geoff
    $800 16
the decathlon

Josh
    $800 28
René Descartes

Triple Stumper
    $800 24
(Josh: Who is Aikman?)

(Tony) Romo

GeoffJosh
    $800 18
Breathe Right

Geoff
    $1000 30
Egypt

Geoff
    $1000 11
(Tim) Kaine

Josh
    $1000 22
an incantation

Geoff
    $1000 26
a centrifuge

Laura
    $1000 25
a walk-on

Josh
    $1000 19
mesothelioma

Josh

Scores at the first commercial break (after clue 15):

Geoff Josh Laura
$2,400 $3,600 $600

Scores at the end of the Jeopardy! Round:

Geoff Josh Laura
$7,000 $7,000 $2,600

Double Jeopardy! Round responses

CONTEMPORARY COMPOSERS
6-LETTER WORDS
FLIPPING CHANNELS
ASIAN CAPITALS
FOUNDLING FATHERS
UNARMED COMBAT
    $400 1
Grammys

Josh
    $400 2
ruffle

Josh
    $400 7
Masterpiece

Laura
    $400 4
Damascus

Geoff
    $400 3
Superman

Josh
    $400 13
an uppercut

Josh
    $800 18
Philip Glass

Laura
    $800 6
carhop

Josh
    $800 8
Bull

Laura
    $800 5
Malaysia

Josh
    $800 21
The Importance of Being Earnest

Geoff
    $800 26
(Alex: Less than a minute now.)

UFC (Ultimate Fighting Championship)

Geoff
    $1200 19
John Adams

Laura
    $1200 12
a volley

Josh
    $1200 9
Wanted Dead or Alive

Triple Stumper
    $1200 14
a bazaar (or market)

Josh
    $1200 22
FDR

Geoff
    $1200 30
biting

Josh
    $1600 20
I Ching

Josh
    $1600 17
truant

Josh
    $1600 10
Crazy Ex-Girlfriend

Laura
    $1600 15
Taipei

Josh
    $6,000 23
Oedipus

Geoff
    $1600 27
krav maga

Geoff
    $2000 28
(Geoff: Who is Sibelius?)

Esa-Pekka Salonen

Geoff
Triple Stumper
    $2000 29
a wraith

Laura
    $2000 11
Naked and Afraid

Laura
    $7,000 16
Islamabad

Josh
    $2000 24
Tom Jones

Josh
    $2000 25
Thai

Josh

Scores at the end of the Double Jeopardy! Round:

Geoff Josh Laura
$15,800 $29,600 $11,400

[wagering suggestions for these scores]

Final Jeopardy! Round responses

19th CENTURY AMERICANS
(Alex: [To Josh] No, the clue referred to that great duel between Alexander Hamilton and the correct response, [*].)
LauraWho is
$9,000
GeoffWho is Lewis
$15,000
JoshWho is Lewis?
$6,000
Aaron Burr

Final scores:

Geoff Josh Laura
$800 $23,600 $2,400
3rd place: $1,000 New champion: $23,600 2nd place: $2,000

Game dynamics:

Coryat scores:

Geoff Josh Laura
$11,000 $24,600 $11,400
17 R
(including 2 DDs),
1 W
28 R
(including 1 DD),
1 W
12 R,
1 W

Combined Coryat: $47,000

The J! Archive is created by fans, for fans. The Jeopardy! game show and all elements thereof, including but not limited to copyright and trademark thereto, are the property of Jeopardy Productions, Inc. and are protected under law. This website is not affiliated with, sponsored by, or operated by Jeopardy Productions, Inc. Join the discussion at JBoard.tv.